Rámcový obraz súčasnej rodiny v západnej Európe

Syntéza pohľadov rôznych autorov a rôznych myšlienkových prístupov k realite rodiny. Najvýraznejšie vývojové tendencie v spoločenskom živote v západoeurópskych krajinách, ktoré ovplyvňujú podmienky života rodiny. Spoločenská angažovanosť rodín za ochranu práv a záujmov rodiny, za jej sociálnu stabil...

Celý popis

Uložené v:
Podrobná bibliografia
Hlavný autor: Lenczová, T.
Médium: Kapitola
Jazyk:Slovak
Predmet:
Tagy: Pridať tag
Žiadne tagy, Buďte prvý, kto otaguje tento záznam!

MARC

LEADER 00000naa a2200000 4500
001 r015767
005 20221205090806.6
041 0 |a slo 
044 |a SK 
245 1 0 |a Rámcový obraz súčasnej rodiny v západnej Európe  |c T. Lenczová 
520 |a Syntéza pohľadov rôznych autorov a rôznych myšlienkových prístupov k realite rodiny. Najvýraznejšie vývojové tendencie v spoločenskom živote v západoeurópskych krajinách, ktoré ovplyvňujú podmienky života rodiny. Spoločenská angažovanosť rodín za ochranu práv a záujmov rodiny, za jej sociálnu stabilitu a sociálnu kvalitu. Vplyv spoločenského vývoja na život jednotlivých členov rodiny. 
610 2 0 |a rodina 
610 2 0 |a spoločnosť 
610 2 0 |a vývoj spoločenský 
100 1 |a Lenczová, T.